Benedikt, Vavřinec. [Grammatica Bohemica]. - Ostrava : Ostravská Univ. [u.a.]. - 1999 [Rezension]
| Titel: | Benedikt, Vavřinec. [Grammatica Bohemica]. - Ostrava : Ostravská Univ. [u.a.]. - 1999 [Rezension] |
|---|---|
| Verfasser: | |
| In: |
Acta Comeniana, Band 14 (38) (2000), Seite 261-264 alle Artikel anzeigen |
| Veröffentlicht: | 2000 |
| Format: | Aufsatz |
| Sprache: | Tschechisch |
X
alg: 39517490
001A $01999:12-11-16
001B $01999:09-08-21 $t17:42:04.000
001D $01999:12-11-16
001U $0utf8
001X $00
002@ $0Aox
003@ $0395174902
007A $0395174902 $aHEB
007T $0Herdp26279
010@ $acze
011@ $a2000
021A $aBenedikt, Vavřinec. [Grammatica Bohemica]. - Ostrava : Ostravská Univ. {[u.a.]. - 1999 [Rezension]
028A $aKučera $dKarel
031A $d14 (38) $h261-264 $j2000
039B $aIn $8--Abvc--. Acta Comeniana. - Praha : Filosofia, 1969-. - ISSN 0231-5955 $x200000000140000739 $9047438355
039T $8--Aau--Benedikt, Vavřinec [Tnx]. Grammaticae Bohemicae ad leges naturalis methodi conformatae et notis numerisque illustratae ac distinctae libri duo. - Ostrava : Ostravská Univ. {[u.a.], 1999. - XXI, 103 S.. - Ill.. - ISBN 80-7042-532-6 $9108065936
045F $a900.94371 $eDDC23BSB
045F/01 $a900
045F/03 $g4371
045T $a5,3 $a7,41
lok: 39517490 78
exp: 39517490 78 1 #EPN
201B/01 $026-11-17 $t04:05:23.000
201U/01 $0utf8
203@/01 $0791483045
208@/01 $a12-11-16 $be
209A/01 $a/ $f000 $x00
220C/01 $aHerkunft: Hú Av Čr Praha
244Z/01 $#Tschechien $#Tschechische Republik $#Tschechische Republik $#Tschechenland $#Tschechei Tschechien $#Česká Republika $#Czech Republic $#ČR $74303381-7 $8--Tg1--Tschechien $x01 $9086659812
244Z/01 $2Trx $#Böhmen $#Bohemia $#Czechy $8--Trx--Čechy $x02 $9391188941
244Z/01 $2Trx $#arvustused $#recenzijos $#Reviews $#recenziók $#recenzje $#recenzie $#recenze $8--Trx--Rezensionen $x03 $9391357441
247C/01 $82080>Marburg/Lahn, Herder-Institut, Forschungsbibliothek, Bibliographieportal $9336309341
| LEADER | 00000caa a22000002c 4500 | ||
|---|---|---|---|
| 001 | 395174902 | ||
| 003 | DE-603 | ||
| 005 | 20210809174204.0 | ||
| 007 | tu | ||
| 008 | 161112s2000 xx |||| | u00||u|cze c | ||
| 035 | |a (DE-599)HEB395174902 | ||
| 040 | |a DE-603 |b ger |c DE-603 |d DE-603 | ||
| 041 | |a cze | ||
| 082 | 0 | 4 | |8 1\u |a 900.94371 |q DE-101 |2 23/BSB |
| 084 | |a 5,3 |a 7,41 |2 ssgn | ||
| 085 | |8 1\u |b 900 | ||
| 085 | |8 1\u |z 2 |s 4371 | ||
| 100 | 1 | |a Kučera, Karel | |
| 245 | 0 | 0 | |a Benedikt, Vavřinec. [Grammatica Bohemica]. - Ostrava : Ostravská Univ. [u.a.]. - 1999 [Rezension] |
| 264 | 0 | |c 2000 | |
| 773 | 0 | 8 | |i In |t Acta Comeniana |d Praha : Filosofia, 1969- |x 0231-5955 |g Band 14 (38) (2000), Seite 261-264 |w (DE-603)047438355 |w (DE-600)253066-1 |
| 787 | 0 | 8 | |i Rezension von |a Benedikt, Vavřinec |t Grammaticae Bohemicae ad leges naturalis methodi conformatae et notis numerisque illustratae ac distinctae libri duo |d Ostrava : Ostravská Univ. [u.a.], 1999 |h XXI, 103 S., Ill. |z 8070425326 |z 8086101258 |w (DE-603)108065936 |
| 924 | 0 | |9 2080 |a (DE-603)791483045 |b DE-2080 |c HES |d d |g / | |


